000 00212nam a2200097Ia 4500
008 240331s9999 xx 000 0 und d
082 _bSOC
100 _aRosskamm ,S.R. ed
245 0 _aSocialist visions
942 _cL
999 _c2761
_d2761